LEADER 01700aam 2200445I 450 001 9910711202003321 005 20151113033706.0 024 8 $aGOVPUB-C13-394f7814a03d3b046fdffe2d99e68c05 035 $a(CKB)5470000002482006 035 $a(OCoLC)929068035 035 $a(EXLCZ)995470000002482006 100 $a20151113d1999 ua 0 101 0 $aeng 181 $2rdacontent 182 $2rdamedia 183 $2rdacarrier 200 10$aComparison of passive intermodulation measurements for the U.S. wireless industry /$fJeffrey A. Jargon 210 1$aGaithersburg, MD :$cU.S. Dept. of Commerce, National Institute of Standards and Technology,$d1999. 215 $a1 online resource 225 1 $aNIST technical note ;$v1515 300 $a1999. 300 $aContributed record: Metadata reviewed, not verified. Some fields updated by batch processes. 300 $aTitle from PDF title page. 320 $aIncludes bibliographical references. 606 $aRadio frequency$xMeasurement 606 $aRadio measurements$xStandards$zUnited States 606 $aRadio$zUnited States$xEquipment and supplies$xTesting 615 0$aRadio frequency$xMeasurement. 615 0$aRadio measurements$xStandards 615 0$aRadio$xEquipment and supplies$xTesting. 700 $aJargon$b Jeffrey A$g(Jeffrey Arendt)$01391188 701 $aJargon$b Jeffrey A$g(Jeffrey Arendt)$01391188 712 02$aUnited States.$bNational Bureau of Standards. 801 0$bNBS 801 1$bNBS 801 2$bGPO 906 $aBOOK 912 $a9910711202003321 996 $aComparison of passive intermodulation measurements for the U.S. wireless industry$93466773 997 $aUNINA LEADER 01468nas 2200469- 450 001 9910439024503321 005 20241223110616.0 011 $a2699-0016 035 $a(OCoLC)1229168641 035 $a(CKB)4940000000446841 035 $a(CONSER)--2021204140 035 $a(MiFhGG)10TV 035 $a(DE-599)ZDB2998533-X 035 $a(MiAaPQ)4734905 035 $a(EXLCZ)994940000000446841 100 $a20201109a20209999 o-- a 101 0 $aeng 135 $aur||||||||||| 181 $ctxt$2rdacontent 182 $cc$2rdamedia 183 $acr$2rdacarrier 200 10$aMagnetic resonance $ean interactive open-access publication of the Groupement AMPERE 210 1$a[Göttingen, Germany] :$cCopernicus Publications,$d[2020]- 215 $a1 online resource 300 $aRefereed/Peer-reviewed 517 1 $aMR 531 10$aMagn Reson (Gott) 606 $aMagnetic Resonance Spectroscopy 606 $aMagnetic Resonance Imaging 606 $aNuclear magnetic resonance$vPeriodicals 606 $aNuclear magnetic resonance$2fast$3(OCoLC)fst01040325 608 $aPeriodical. 608 $aPeriodicals.$2fast 615 12$aMagnetic Resonance Spectroscopy. 615 22$aMagnetic Resonance Imaging. 615 0$aNuclear magnetic resonance 615 7$aNuclear magnetic resonance. 712 02$aGroupement AMPERE, 906 $aJOURNAL 912 $a9910439024503321 996 $aMagnetic resonance$92578908 997 $aUNINA